Buongiorno pompiere /

Gespeichert in:
Bibliographische Detailangaben
1. Verfasser: Escoffier, Michaël (Verfasst von)
Weitere Verfasser: Babled, Tanguy (Übersetzung), Maudet, Matthieu (Illustrationen)
Format: Buch
Sprache:Italienisch
Veröffentlicht: Milano : Babalibri, 2016
Schriftenreihe:Albi illustrati
Tags: Tag hinzufügen
Keine Tags, Fügen Sie das erste Tag hinzu!

MARC

LEADER 00000nam a22000007i 4500
001 IT\ICCU\MOD\1655935
003 ItRI
005 20260115232147.0
008 160324s2016 it |||||| |||||1|||||c
020 |a 9788883623615 
040 |b ita  |c importazione bologna sebina 
041 7 |a ita  |2 ISO-639-2 
082 |a 843.920809282  |9 Narrativa francese. 2000-. Letteratura per bambini  |2 23 
100 1 |a Escoffier, Michaël  |0 IT\ICCU\RMBV\246013  |4 aut 
240 1 0 |a Bonjour pompier  |3 IT\ICCU\MOD\1655936  |9 Escoffier, Michaël 
245 1 0 |a Buongiorno pompiere /  |c Michaël Escoffier, Matthieu Maudet. 
260 |a Milano :  |b Babalibri,  |c 2016 
300 |a 1 volume (senza paginazione) :  |b cartone, ill. ;  |c 19x19 cm 
500 |a [Il titolo della collana si ricava dal sito editoriale]  |9 IT\ICCU\RE2\0003036 
500 |a Titolo e responsabilità della copertina 
500 |a Traduzione di Tanguy Babled. 
700 1 |a Babled, Tanguy  |0 IT\ICCU\MODV\655218  |4 trl 
700 1 |a Maudet, Matthieu  |0 IT\ICCU\MODV\643980  |4 ill 
752 |a it   |d Milano 
830 0 |a Albi illustrati  |0 IT\ICCU\RE2\0003036 
942 |2 ddc  |c BK  |n 0 
952 |0 0  |1 0  |4 0  |6 R_741_594000000000000_ESC  |7 0  |9 21160  |a BO  |b BO  |d 2026-01-15  |i 20545  |l 0  |o R 741.594 ESC  |p BO20545  |r 2026-01-15 23:21:47  |w 2026-01-15  |x [Sebina 5] [1 v.]  |y BK  |z 1 v. 
999 |c 18081  |d 18081